000 00558nam a2200169 a 4500
001 000035859
005 20200930074654.0
008 111115s1954 sp c 000 0 spa d
040 _aDO-SdBNP
_bspa
_cBNPHU
082 _axxx
_bK92h
100 1 _aKretschmer, Ernst
_961840
240 1 0 _aGeniale menschen
245 1 0 _aHombres geniales /
_cErnst Kretschmer ; traducción de la cuarta edición alemana José Solé Sagarra.
260 _aBarcelona, España :
_bLabor,
_c1954.
300 _a208 p. :
_bretr. ;
_c24 cm.
700 1 _aSolé Sagarra, José,
_etr.
_961015
999 _c35350
_d35350